| 000 | 004980000a22001930004500 | ||
|---|---|---|---|
| 001 | 002196 | ||
| 003 | MACL | ||
| 005 | 20151025150028.0 | ||
| 008 | 151025b xxu||||| |||| 00| 0 eng d | ||
| 040 |
_aMACL _cMACL |
||
| 041 | _aEnglish | ||
| 082 | _a934/HAB | ||
| 100 |
_aHabib, Irfan _92273 |
||
| 245 |
_aVedic Age _band the Coming of Iron c. 1500-700 BC _cIrfan Habib |
||
| 260 |
_aDelhi _c2006 _bAligarh Historians Society, |
||
| 350 | _a125 | ||
| 650 |
_aHistory _916760 |
||
| 942 |
_k934 _cBK _2ddc |
||
| 999 |
_c14110 _d14110 |
||